1450 1740 1671 1246 1690 1308 1812 1629 1837 1575 1993 1709 1673 1764 1607 1761 1176 1781 1645 1307 1335 1584 1072 1279 1736 1709 1963 1474 1182 1056 1377 1846 1318 1399 1653 1297 1321 1136 1093 1303 1269 1557 1430 1868 1270 1401 1741 1200 1873 1020 1306 1515 1199 1021 1065 1122 1337 1567 1712 1379 1358 1629 1027 1156 1428 1427 1495 1361 1592 1988 1708 1994 1790 1812 1995 1483 1973 1450 1940 1901 1784 1102 1269 1974 1846 1519 1071 1598 1072 1363 1602 1419 1957 1574 1476 1265 1802 1539 1831 BCNSPRNW ULIB Ver.6.0+V

เปลี่ยนเป็นภาษาไทย

Change to English
 แสดงรายละเอียดบรรณานุกรม
  กลับหน้าหลัก

Brief Record : Get Marc (ISO 2709) : E-mail record : QR code < ปิดหน้าต่าง
LEADER : 00000nam 2200000uu 4500
001    13399110285
003     ULIB
008    110427s2551||||th 000 0 tha d
090    วจ.WM175^bถ177พ 2551
100 0  ถนอมรัตน์ ประสิทธิเมตต์.
245 10 พัฒนารูปแบบสร้างเสริมพฤติกรรมการกิน ลดหวาน มัน เค็ม =^bDevelopment promotion model of eating behavior modification in reducing too sweet, fatty and salty food /^cถนอมรัตน์ ประสิทธิเมตต์.
260    สระบุรี :^bศูนย์อนามัยที่ 2 สระบุรี กรมอนามัย,^c2551.
300    102 หน้า :^bตาราง ;^c29 ซม.
520    การศึกษาครั้งนี้เป็นการศึกษาวิจัยเชิงปฏิบัติการเพื่อพัฒนาพฤติกรรมและปรับเปลี่ยนพฤติกรรมการกินลดหวาน มัน เค็มของประชากรในวัยแรงงานจังหวัดสระบุรี กลุ่มตัวอย่างที่ใช้ศึกษาได้มาด้วยวิธีเลือกแบบเจาะจงผู้ที่เข้าร่วมรับการประชุมสร้างเสริมสุขภาพการกินลดหวาน มัน เค็ม เนื้อหาหลักเพื่อการปรับเปลี่ยนพฤติกรรม โดยกลุ่มตัวอย่างทำงานในสถานีตำรวจจำนวน 50 คน พนักงานโรงงาน2 แห่ง แห่งแรก 48 คน แห่งที่สอง 40 คน รวม 138 คน โดยใช้แบบสอบถามที่สร้างขึ้นและแบบประเมินความเสี่ยงต่อเบาหวาน บันทึกภาวะสุขภาพในช่วง 4 เดือน เดือนละ 1 ครั้ง ชั่งน้ำหนัก วัดส่วนสูง วัดรอบเอว วัดความดันโลหิต มีการเยี่ยมติดตามและให้คำแนะนำ/ปรึกษา รับรู้อุปสรรคและจัดกระบวนการแลกเปลี่ยน เรียนรู้ การสนทนากลุ่ม.
650  4 บริโภคนิสัย^xวิจัย.
650  4 การรับประทานอาหาร^xแง่อนามัย.
710 2  กรมอนามัย.^bศูนย์อนามัยที่ 2 สระบุรี.
945    ^p0^l0^i029197
995    ทศพร
999 ^a ใช้งานได้ทุกระบบ
รายการนี้ยังไม่มีแท็ก
คุณยังไม่ได้ล็อกอิน คุณสามารถมีกิจกรรมร่วมกับเว็บไซต์ได้ แต่ต้องล็อกอินก่อน ::
  ล็อกอิน

รายการสื่อสารสนเทศ

ลำดับที่ ประเภท เลขเรียก/บาร์โค้ด สถานที่ สถานะ
- ไม่พบข้อมูล -

BibComment


ยังไม่เคยถูกคอมเมนท์

คอมเมนท์ทรัพยากรรายการนี้
  คอมเมนท์: พัฒนารูปแบบสร้างเ..


 Copyright 2026. Bcnsprnw @Library